Universidad católica y sociedad. Los desafíos del cristianismo en el mundo de hoy

Guardat en:
Dades bibliogràfiques
Autor principal: Brugués, Jean Louis (Autor)
Format: Llibre
Idioma:espanyol
Publicat: Santiago, Chile UCSH 2010
Matèries:
Etiquetes: Afegir etiqueta
Sense etiquetes, Sigues el primer a etiquetar aquest registre!

MARC

LEADER 00000cam a2200000 a 4500
001 UCG3124
003 CL-VaPUC
005 20230605095725.0
008 100812e20100400CL |||||||||||||||||spa|d
999 |c 342219  |d 342217 
040 |c Pontificia Universidad Católica de Valparaíso 
082 0 4 |a 378.07 BRU 2010  |2 21 
100 0 |a Brugués, Jean Louis  |e author  |9 552016 
245 1 0 |a Universidad católica y sociedad.  |b Los desafíos del cristianismo en el mundo de hoy 
260 |a Santiago, Chile   |b UCSH  |c 2010 
300 |a 85 páginas  
500 |a c. 6 Donación VRA-N.Vásquez L. c.7 Donación Rectoría 2022 
583 |a last modification  |c 20170622 09:54:28  |k Rodrigo Vera 
650 0 |a Educación religiosa   |9 308312 
650 0 |a Universidades católicas   |9 309230 
650 0 |a Sociedad  |9 307903 
650 7 |a JOVENES TEOLOGIA CRISTIANA  |2 CL-VaPUC  |9 314490 
942 |c BK  |2 ddc 
945 |d 20100812 00:00:00  |a mfarfan 
952 |0 0  |1 0  |4 0  |6 378_070000000000000_BRU_2010  |7 0  |8 A  |9 438286  |a BIBEDU  |b BIBEDU  |d 2019-11-22  |i 4705173  |o 378.07 BRU 2010  |p 4705173  |r 2019-11-22  |w 2019-11-22  |y BK  |k EPE 
952 |0 0  |1 0  |4 0  |6 378_070000000000000_BRU_2010  |7 0  |8 A  |9 438287  |a BIBEDU  |b BIBEDU  |d 2019-11-22  |i 4707346  |o 378.07 BRU 2010  |p 4707346  |r 2019-11-22  |w 2019-11-22  |y BK  |k BME 
952 |0 0  |1 0  |4 0  |6 378_070000000000000_BRU_2010  |7 0  |8 A  |9 438288  |a BIBDER  |b BIBDER  |d 2019-11-22  |i 4707230  |o 378.07 BRU 2010  |p 4707230  |r 2023-01-25  |w 2019-11-22  |y BK  |k DER 
952 |0 0  |1 0  |3 erb  |4 0  |6 378_070000000000000_BRU_2010  |7 0  |8 A  |9 438289  |a BIBAGR  |b BIBAGR  |i 5401623  |o 378.07 BRU 2010  |p 5401623  |r 2024-01-30  |w 2019-11-22  |y BK  |z Catalogado en:20170626  |k AGR 
952 |0 0  |1 0  |3 erb  |4 0  |6 378_070000000000000_BRU_2010  |7 0  |8 A  |9 438290  |a BIBAGR  |b BIBAGR  |i 5401615  |o 378.07 BRU 2010  |p 5401615  |r 2024-01-30  |w 2019-11-22  |y BK  |z Catalogado en:20170626  |k AGR 
952 |0 0  |1 0  |2 ddc  |4 0  |6 378_070000000000000_BRU_2010  |7 0  |8 A  |9 577830  |a BIBHIS  |b BIBHIS  |d 2021-05-20  |i 5621496  |o 378.07 BRU 2010  |p 5621496  |r 2025-01-20  |t 6  |w 2021-05-20  |y BK  |k HIS 
952 |0 0  |1 0  |2 ddc  |4 0  |6 378_070000000000000_BRU_2010  |7 0  |8 A  |9 590359  |a BIBTEO  |b BIBTEO  |c GEN  |d 2023-06-05  |e Donación   |i 5657688  |o 378.07 BRU 2010  |p 5657688  |r 2025-01-17  |t 7  |w 2023-06-05  |y BK  |k ICR